| 000 | 01401cad a22002295a 4500 | ||
|---|---|---|---|
| 001 | L150161 | ||
| 008 | 100609s2009 xxkd f s 000 0 eng d | ||
| 035 | _a(Sirsi) u150164 | ||
| 041 | 0 | _aeng | |
| 050 | 0 | 4 | _a333.337 $2 18 |
| 110 | 2 |
_aSavills Project Consultancy _95857 |
|
| 245 | 0 | 0 |
_aCommercial development activity _bJune 2009 _h[electronic resource] |
| 260 |
_aLondon _bSavills _c2009 |
||
| 490 | 0 |
_aSavills UK Commercial Development Activity PMI _vJune 2009 |
|
| 520 | _aDevelopment activity fell at slowest pace since the downturn began in late 2007. May data signalled the slowest overall reduction of commercial development activity since the start of the downturn in November 2007. TheTotal Commercial Development Activity Index was -4.0% in May, up from -8.9% in the previous month. The index pointed to a moderate fall in overall activity, with the latest reduction the weakest in the current nineteen-month period of contraction. Slower falls in commercial development activity have now been recorded for six months in a row. | ||
| 590 | _aKA | ||
| 650 | 2 | 4 | _aSAVILLS UK COMMERCIAL DEVELOPMENT ACTIVITY PMI |
| 651 | 4 |
_aUnited Kingdom _y |
|
| 690 | _aPROPERTY-COMMERCIAL PROPERTY-COMMERCIAL PROPERTY MARKET | ||
| 856 | 4 | 0 |
_uhttps://www.savills.com/research-archive/commercial-development-activity-report-june-2009.pdf _zView this report free of charge at www.savills.com |
| 942 | _n0 | ||
| 999 |
_c110764 _d110764 |
||